| 000 | 00639nam a2200133 a 4500 | ||
|---|---|---|---|
| 008 | 120416s1986 ||||||||||||||||| || u | ||
| 050 | _aHG 3881.5.I58 Dev | ||
| 100 | _aDe Vries, Margaret Gerridsen | ||
| 245 | 1 | 4 | _aThe IMF in a changing world 1945-85 |
| 260 |
_aWashington, D. C. _bIMF _c1986 |
||
| 350 | _a0.00 | ||
| 995 |
_aANNEX COLLECTION (Main Library) _D0.00 _e714145 _FCBU-MAIN LIBRARY (Kitwe) _H1 _I9.50 _jHG 3881.5.I58 Dev _M1 _UAVAILABLE _y008032 _ZAnnex Low-Usage Collection |
||
| 995 |
_aANNEX COLLECTION (Main Library) _D0.00 _e712605 _FCBU-MAIN LIBRARY (Kitwe) _H2 _I9.50 _jHG 3881.5.I58 Dev _M2 _UAVAILABLE _y008031 _ZAnnex Low-Usage Collection |
||
| 999 |
_c76410 _d76410 |
||